000 00409 a2200157 4500
001 62857
020 _a9788506054918
040 _cAnchieta - Pituba
240 1 0 _aMichaellis
_lpor
245 1 0 _aMichaellis
300 _a812
362 0 _a2008
440 1 _aMelhoramentos
650 4 _aEnciclopédias gerais (almanaques, anuários enciclopédicos e obras de carácter geral sobre curiosidades
942 _cBK
999 _c62857
_d62857